Topics in interval analysis /
Guardado en:
| Autores Corporativos: | , , |
|---|---|
| Otros Autores: | |
| Formato: | Libro |
| Idioma: | English |
| Publicado: |
Oxford :
Clarendon Press,
1969.
|
| Etiquetas: |
Agregar Etiqueta
Sin Etiquetas, Sea el primero en etiquetar este registro!
|
| LEADER | 00950cam a22002175a 4500 | ||
|---|---|---|---|
| 001 | MAT.inmabb002389 | ||
| 008 | 700323s1969####enka#####b####101#0#eng#d | ||
| 005 | 20170420115258.0 | ||
| 245 | 1 | 0 | |a Topics in interval analysis / |c edited by E. Hansen. |
| 260 | |a Oxford : |b Clarendon Press, |c 1969. | ||
| 300 | |a viii, 130 p. : |b il. ; |c 24 cm. | ||
| 500 | |a "Based on lectures given at a Symposium on Interval Analysis ... sponsored by the Oxford University Computing Laboratory and [held] on 24-25 Jan. 1968 at the Culham Laboratory, Culham, Eng." | ||
| 505 | 0 | |a Part 1. Algebraic problems -- Part 2. Continuous problems. | |
| 504 | |a Incluye referencias bibliográficas. | ||
| 111 | 2 | |a Symposium on Interval Analysis |d (1968 : |c Culham, England) | |
| 700 | 1 | |a Hansen, Eldon R. |4 edt | |
| 710 | 2 | |a Oxford University Computing Laboratory. | |
| 710 | 2 | |a Culham Laboratory. | |
| 084 | |a 65Gxx |2 msc2000 | ||
| 010 | |a 72443914 | ||
| 859 | |h 65 |i Sy989 |p A-4069 |b BIB. MATEMATICA | ||
